| 000 | 00506cam a2200181ua 4500 | ||
|---|---|---|---|
| 041 |
_aeng _h |
||
| 082 |
_a664 _bDAV/AS |
||
| 100 | _aJairus, R D David . | ||
| 245 |
_aAseptic processing and packaging of food- A food industry perspective / _cDavid R S Jairus. _hTextual Documents |
||
| 260 |
_aBocaratton : _bCRC Press Inc. , _c1996. |
||
| 300 | _a257 ; . | ||
| 500 | _a**Reference | ||
| 504 | _a | ||
| 700 | 1 | _aCarlson, V R . | |
| 700 | 1 | _aRalph, H Graves . | |
| 942 | _cBK | ||
| 999 |
_c11237 _d11237 |
||